Orthodontic notes (Record no. 11748)
[ view plain ]
| 000 -LEADER | |
|---|---|
| fixed length control field | 00459nam a22001217a 4500 |
| 082 ## - DEWEY DECIMAL CLASSIFICATION NUMBER | |
| Classification number | 617.64 |
| Author Mark | WAL |
| 100 ## - MAIN ENTRY--PERSONAL NAME | |
| Author Name | Walther D. P |
| 245 ## - TITLE STATEMENT | |
| Title | Orthodontic notes |
| 260 ## - PUBLICATION, DISTRIBUTION, ETC. | |
| Place of publication, distribution, etc. | Britain |
| Name of publisher, distributor, etc. | Wright |
| Date of publication, distribution, etc. | 1967 |
| 300 ## - PHYSICAL DESCRIPTION | |
| No of Pages | 219 p; |
| Dimensions | ;18 cm |
| 650 ## - SUBJECT ADDED ENTRY--TOPICAL TERM | |
| Subject | Dentistry , Orthodontic |
| Keywords | The facial skeleton; Soft tissue morphology and behaviour |
| -- | development and function |
| -- | Arch malrelationships |
| -- | Class II Division 2 malocclusions |
| -- | Radiology in orthodontics |
| 942 ## - ADDED ENTRY ELEMENTS (KOHA) | |
| Source of classification or shelving scheme | |
| Koha item type | Books |
| 952 ## - LOCATION AND ITEM INFORMATION (KOHA) | |
| -- | 2020-02-17 |
| Item status | Home library | Current library | Shelving location | Date acquired | Total Checkouts | Full call number | Barcode | Date last seen | Koha item type |
|---|---|---|---|---|---|---|---|---|---|
| Islamabad Dental Hospital | Islamabad Dental Hospital | Islamabad Dental Hospital | 17/02/2020 | 617.64 WAL | D-960 | 17/02/2020 | Books |
